LEADER 01303nam a2200301 u 4500 001 000000077440 003 CaOOAMICUS 005 20070226123324.0 008 040205r19751955wiu u000 u eng u 020 $a0874622085 035 $a10983521 040 $aPUL(R)$bita 041 1 $aeng$hlat 100 0 $aIohannes a Sancto Thoma,$cO.P.,$d1589-1644.$0(OLS)http://pul/name/14100 245 10$aOutlines of formal logic /$cJohn of St. Thomas ; translated from the Latin with an introduction by Francis C. Wade .. 260 $aMilwaukee :$bMarquee University Press,$c1975. 300 $a136 p. ;$c23 cm 490 1 $aMediaeval philosophical texts in translation ;$v8 500 $aRist. dell'ed. del 1955. 504 $aBibliografia in nota. 700 1 $aWade, Francis C.,$cS.I.$0(OLS)http://pul/name/51489 830 0$aMediaeval philosophical texts in translation ;$v8.$0(OLS)http://pul/title/101536 850 $aPUL 852 $aPUL$W1$xSL Filosofia 1$y2$m82 O 8$j99475$nBK-PRI$b $qStampati$B99475$CPULBib$Z2$F99475 $HPUL93557 $81 941 1 $a8 996 $6020$a0874622085$9(OLS)http://pul/number/101498 996 $6245$aOutlines of formal logic$9(OLS)http://pul/title/101540 996 $6260$aMilwaukee :$bMarquee University Press$9(OLS)http://pul/publisher/75120 LEADER 01126nam a2200277 a 4500 001 000000138580 003 CaOOAMICUS 005 20140529100528.0 008 140529s2010 it u000 u ita r 020 $a88-14-15894-0 040 $aPUL$bita 082 04$a340.54 100 1 $aCancelli, Filippo.$0(OLS)http://pul/name/29614 245 13$aLa codificazione dell'edictum praetoris :$bdogma romanistico /$cFilippo Cancelli. 260 $aMilano :$bGiuffrè,$c©2010. 300 $aXIV, 312 p. ;$c24 cm 504 $aBibliografia in nota. 650 4$aPretore (diritto romano).$0(OLS)http://pul/subject/40553 850 $aPUL 852 $aPUL$W1$xSL Diritto e Scienze Sociali 3$y79$m340. 54 CANFI 1$j159897$qDDC 21$q $B159398$CPULBib$Z2$F159398 $H124101 $81 941 1 $a9 996 $6020$a88-14-15894-0$9(OLS)http://pul/number/155377 996 $6082$a340.54$9(OLS)http://pul/classification/477 996 $6245$aLa codificazione dell'edictum praetoris :$bdogma romanistico$9(OLS)http://pul/title/175439 996 $6260$aMilano :$bGiuffrè$9(OLS)http://pul/publisher/48401